Normal view MARC view
  • Rucha Tapaswi - 2k171110 & Dr. Arpita Singh - Guide

Entry Personal Name

Number of records used in: 1

001 - CONTROL NUMBER

  • control field: 104960

003 - CONTROL NUMBER IDENTIFIER

  • control field: OSt

005 - DATE AND TIME OF LATEST TRANSACTION

  • control field: 20221007221225.0

008 - FIXED-LENGTH DATA ELEMENTS

  • fixed length control field: 221007|| aca||aabn | a|a d

040 ## - CATALOGING SOURCE

  • Original cataloging agency: OSt
  • Transcribing agency: OSt

100 ## - HEADING--PERSONAL NAME

  • Personal name: Rucha Tapaswi - 2k171110 & Dr. Arpita Singh - Guide

670 ## - SOURCE DATA FOUND

  • Source citation: Work cat.: (OSt)78081: Rucha Tapaswi - 2k171110 & Dr. Arpita Singh - Guide, A Study Corporate Social Rsponsibility At Sun- Pharma Cipla And Glasgow, 2018